| 000 | 01785nam a2200265 a 4500 | ||
|---|---|---|---|
| 008 | 100212s1990 ||||||||||||||||| || u | ||
| 050 | _aEIU(08) | ||
| 110 | _aThe Economist Intelligence Unit(EIU) | ||
| 245 | 1 | 0 | _aZambia country report: analysis of economic and political trends every quarter |
| 260 |
_aLondon: _bEIU _c1990- |
||
| 300 | _avols. | ||
| 350 | _a0.00 | ||
| 490 | _aZambia Country Report | ||
| 500 | _aHoldings: no.1, 1990; no.3, 1990; no.4, 1990; no.2, 1991; no.4, 1991; no.2, 1992; no.3, 1992 | ||
| 650 | _aPOLITICAL ANALYSIS | ||
| 650 | 0 | _aECONOMICS | |
| 650 | _aECONOMIC ANALYSIS--DEVELOPING COUNTRIES | ||
| 995 |
_aSPECIAL COLLECTIONS _D0.00 _e03005889 _FCBU-MAIN LIBRARY (Kitwe) _H1 _I0.00 _jEIU(08)ZCP/1990/1 _M1 _UAVAILABLE _WFeb 12, 2010 _yZ03005889 _ZZambiana Collection |
||
| 995 |
_aSPECIAL COLLECTIONS _D0.00 _e03005890 _FCBU-MAIN LIBRARY (Kitwe) _H1 _I0.00 _jEIU(08)ZCP/1990/3 _M2 _UAVAILABLE _WFeb 12, 2010 _yZ03005890 _ZZambiana Collection |
||
| 995 |
_aSPECIAL COLLECTIONS _D0.00 _e03005893 _FCBU-MAIN LIBRARY (Kitwe) _H1 _I0.00 _jEIU(08)ZCP/1992/2 _M5 _UAVAILABLE _WFeb 12, 2010 _yZ03005893 _ZZambiana Collection |
||
| 995 |
_aSPECIAL COLLECTIONS _D0.00 _e03005895 _FCBU-MAIN LIBRARY (Kitwe) _H1 _I0.00 _jEIU(08)ZCP/1991/4 _M7 _UAVAILABLE _WFeb 12, 2010 _yZ03005895 _ZZambiana Collection |
||
| 995 |
_aSPECIAL COLLECTIONS _D0.00 _e03005892 _FCBU-MAIN LIBRARY (Kitwe) _H1 _I0.00 _jEIU(08)ZCP/1991/2 _M4 _UAVAILABLE _WFeb 12, 2010 _yZ03005892 _ZZambiana Collection |
||
| 995 |
_aSPECIAL COLLECTIONS _D0.00 _e03005894 _FCBU-MAIN LIBRARY (Kitwe) _H1 _I0.00 _jEIU(08)ZCP/1992/3 _M6 _UAVAILABLE _WFeb 12, 2010 _yZ03005894 _ZZambiana Collection |
||
| 995 |
_aSPECIAL COLLECTIONS _D0.00 _e03005891 _FCBU-MAIN LIBRARY (Kitwe) _H1 _I0.00 _jEIU(08)ZCP/1990/4 _M3 _UAVAILABLE _WFeb 12, 2010 _yZ03005891 _ZZambiana Collection |
||
| 999 |
_c83383 _d83383 |
||